000 00973nam a2200241 a 4500
001 41074
003 BD-RjUL
005 20211209053327.0
008 160514m19931988ii ||||| |||| 00| 0 ben d
020 _cIRs. 65.00
035 _a(BD-RjUL)41190
040 _aBD-RjUL
_bben
_cBD-RjUL
_dBD-RjUL
041 _aben
082 _223
_a891.44309
_bSIA 1993
100 _aসিকদার, অশ্রুকুমার
_9118663
245 1 0 _aআধুনিকতা ও বাংলা উপন্যাস /
_cঅশ্রুকুমার সিকদার
250 _a২য় পরিমার্জিত সং.
260 _aকলকাতা :
_bঅরুণা প্রকাশনী,
_c১৯৯৩
300 _aix, ৩৬৮ পৃ. ;
_c২২ সেমি.
650 _aবাংলা উপন্যাস
_xইতিহাস ও সমালোচনা
_9120092
650 _aBengali Fiction
_xHistory and Criticism
_9118845
942 _2ddc
_cBK
_01
999 _c41074
_d41074